000 01678cam a22004334i 4500
003 PE-LiUPU
005 20250731175618.0
008 060809r20062003gau b 001 0 eng
020 _a1589832523
020 _a9781589832527
035 _a(Sirsi) i9781589832527
040 _aDLC
_bspa
_cDLC
_dBAKER
_dBTCTA
_dYDXCP
_dOCLCF
_dOCLCO
_dOCLCQ
_dPE-LiUPU
_erda
082 0 0 _a499.955
_bE26
_222
100 1 _aEdzard, Dietz Otto,
_eautor.
245 1 0 _aSumerian grammar /
_cby Dietz Otto Edzard.
300 _axviii, 191 páginas ;
_c23 centímetros.
336 _atext
_2rdacontent
337 _aunmediated
_2rdamedia
338 _avolume
_2rdacarrier
490 0 _aHandbook of Oriental studies. Section one, The Near [and] Middle East ;
_vvolumen 71
504 _aBibliografía : páginas 181-185.
504 _aÍndice: páginas 187-191.
526 _aP145
526 _aP127
526 _aP97
526 _aP35
526 _aP14
526 _aP07
650 0 _aLengua sumeria
_xGramática.
650 7 _aLengua sumeria
_xGramática.
910 _ajck
_bebj
_cebj
_d20160613
942 _2ddc
_cBOOK
949 _a499.955 E26
_wDEWEY
_c1
_i73635
_lCCODEBUL1
_mBUL
_p19.00
_r0
_sY
_tBOOK
_u2016-6-13
_xTEOLOGIA
_PP35
_0COMPRA
_o.STAFF. Colección General Teología
994 _aC0
_bPEPRU
596 _a1
999 _a499.955 E26
_wDEWEY
_c9898
_i73635
_f2021-11-11
_g5
_lCCODEBUL1
_mBUL
_p19.00
_r0
_sY
_tBOOK
_u2016-6-13
_xTEOLOGIA
_PP35
_0COMPRA
_o.STAFF. Colección General Teología
_d9898
264 _aAtlanta :
_bSociety of Biblical Literature,
_c[2006]
980 _81
_gALBERTO SANCHEZ Responsable de Automatización